Italy regional capitals - Statistics

General Stats
  • This quiz has been taken 394 times
  • The average score is 17 of 20
Answer Stats
Region Capital % Correct
Lombardia Milano
94%
Sicilia Palermo
94%
Lazio Roma
94%
Puglia Bari
93%
Emilia-Romagna Bologna
91%
Campania Napoli
91%
Veneto Venezia
90%
Toscana Firenze
89%
Piemonte Torino
87%
Sardegna Cagliari
86%
Liguria Genova
84%
Valle D'Aosta Aosta
82%
Friuli Venezia Giulia Trieste
82%
Trentino Alto Adige Trento
81%
Abruzzo l'Aquila
73%
Umbria Perugia
72%
Molise Campobasso
71%
Basilicata Potenza
70%
Marche Ancona
69%
Calabria Catanzaro
69%
No matching quizzes found
Score Distribution
Percent of People with Each Score
Percentile by Number Answered
Your Score History
You have not taken this quiz